| Tag |
First Indicator |
Second Indicator |
Subfields |
| LEADER |
00000pam a2200000 a 4500 |
| 001 |
in00000565369 |
| 005 |
20151014062428.0 |
| 008 |
850426s1985 nyua b 00110 eng |
| 010 |
|
|
|a 85009224
|
| 020 |
|
|
|a 0872624692 (soft)
|
| 035 |
|
|
|a (OCoLC)12051739
|
| 035 |
|
|
|9 ACN1826AM
|
| 039 |
0 |
|
|a 2
|b 3
|c 3
|d 3
|e 3
|
| 040 |
|
|
|a DLC
|c DLC
|d TXA
|d UtOrBLW
|
| 049 |
|
|
|a TXAM
|c 1 [A08585899], 2 [A08643231]
|
| 050 |
0 |
0 |
|a TH435
|b .C7268 1985
|
| 082 |
0 |
|
|a 624/.068/1
|2 19
|
| 245 |
0 |
0 |
|a Construction cost control /
|c prepared by the Task Committee on Revision of Construction Cost Control Manual of the Construction Division of the American Society of Civil Engineers.
|
| 250 |
|
|
|a Rev. ed.
|
| 264 |
|
1 |
|a New York, N.Y. :
|b The Society,
|c [1985]
|
| 264 |
|
4 |
|c ©1985
|
| 300 |
|
|
|a x, 104 pages :
|b illustrations ;
|c 28 cm.
|
| 336 |
|
|
|a text
|b txt
|2 rdacontent
|
| 337 |
|
|
|a unmediated
|b n
|2 rdamedia
|
| 338 |
|
|
|a volume
|b nc
|2 rdacarrier
|
| 490 |
1 |
|
|a ASCE manuals and reports of engineering practice ;
|v no. 65
|
| 500 |
|
|
|a Previous edition: 1951.
|
| 500 |
|
|
|a Includes index.
|
| 504 |
|
|
|a Bibliography: page 101.
|
| 650 |
|
0 |
|a Building
|x Cost control
|x Handbooks, manuals, etc.
|
| 710 |
2 |
|
|a American Society of Civil Engineers.
|b Task Committee on Revision of Construction Cost Control Manual.
|
| 830 |
|
0 |
|a ASCE manuals and reports on engineering practice ;
|v no. 65.
|
| 999 |
|
|
|a MARS
|
| 999 |
f |
f |
|s 86027e42-9307-3de0-84a5-f6c9a24e77eb
|i 7bf49a2a-c8c7-39ba-b181-053698033042
|t 0
|
| 952 |
f |
f |
|p ric
|a Texas A&M University
|b Rellis Campus
|c Joint Library Facility
|d Remote Storage
|t 0
|e TH435 .C7268 1985
|h Library of Congress classification
|i unmediated -- volume
|m A14808585899
|
| 998 |
f |
f |
|a TH435 .C7268 1985
|t 0
|l Remote Storage
|